The story of my life / (Record no. 136575)

MARC details
000 -LEADER
fixed length control field 00652nam a2200217 4500
010 ## - LIBRARY OF CONGRESS CONTROL NUMBER
LC control number 887918
020 ## - INTERNATIONAL STANDARD BOOK NUMBER
Terms of availability 32.00(Set)
035 ## - SYSTEM CONTROL NUMBER
System control number 887918
037 ## - SOURCE OF ACQUISITION
Source of stock number/acquisition Cen Lib / Ret
040 ## - CATALOGING SOURCE
Original cataloging agency DPL
Language of cataloging EN
082 ## - DEWEY DECIMAL CLASSIFICATION NUMBER
Classification number 921
Item number DES
100 ## - MAIN ENTRY--PERSONAL NAME
Personal name Desai, Morarji
245 ## - TITLE STATEMENT
Title The story of my life /
Statement of responsibility, etc Morarji Desai
260 ## - PUBLICATION, DISTRIBUTION, ETC. (IMPRINT)
Place of publication, distribution, etc Delhi
Name of publisher, distributor, etc Macmillan India
Date of publication, distribution, etc 1978
270 ## - ADDRESS
Address 4/16-B, Asaf Ali Road
City New Delhi
Postal code 110002
300 ## - PHYSICAL DESCRIPTION
Extent 279p
Other physical details 24cm(Hb)
650 ## - SUBJECT ADDED ENTRY--TOPICAL TERM
Topical term or geographic name as entry element Desai, Morarji, -- 1896-1995.
650 ## - SUBJECT ADDED ENTRY--TOPICAL TERM
Topical term or geographic name as entry element India -- Politics and government -- 20th century.
650 ## - SUBJECT ADDED ENTRY--TOPICAL TERM
Topical term or geographic name as entry element Prime ministers -- India -- Biography.
942 ## - ADDED ENTRY ELEMENTS (KOHA)
Source of classification or shelving scheme Dewey Decimal Classification
Koha item type English Books
Classification part 921
Call number suffix DES
Holdings
Withdrawn status Lost status Source of classification or shelving scheme Materials specified (bound volume or other part) Damaged status Not for loan Home library Current library Date acquired Source of acquisition Cost, normal purchase price Total Checkouts Full call number Barcode Date last seen Cost, replacement price Price effective from Koha item type
    Dewey Decimal Classification v 1     Central Library Central Library 04/03/2016 Cen Lib/Ret 32.00   921 DES 887918 04/03/2016 32.00 04/03/2016 English Books

© Delhi Public Library
Hit Counter
free hit counter